Statystyki dla Państwa na literę C

Kliknij tutaj aby rozwiązać quiz!

Ogólne statystyki

  • Ten quiz został rozwiązany 44 razy
  • Średni wynik to 6 z 7

Statystyki odpowiedzi

HintOdpowiedź% Poprawnych
Ameryka PołudniowaChile
93%
AzjaChiny
93%
AfrykaCzad
93%
EuropaChorwacja
90%
EuropaCzechy
90%
EuropaCzarnogóra
80%
AzjaCypr
78%

Rozkład punktacji

Percentyl według liczby udzielonych odpowiedzi

Procent ludzi z każdym wynikiem

Twoja historia wyników

Nie rozwiązałeś tego quizu